000 00500nam a2200217Ia 4500
003 0100
008 130303s9999 xx 000 0 und d
020 _a0314471634
040 _cARRUPELIB
050 _aBJ1012.M629 1989
245 _aMoral choices
245 _bethical theories and problems
260 _aNew York
260 _bWest Publishing Co.
260 _C1989
300 _axi
300 _b 511p. 26cm.
650 _aETHICS
700 _aGrcic , Joseph (ed.)
942 0 0 _01
999 _c14572
_d14572